| 000 | 00643nam a22002411i 4500 | ||
|---|---|---|---|
| 001 | 14157 | ||
| 003 | ES-MaACL | ||
| 005 | 20250523062554.0 | ||
| 007 | t| | ||
| 008 | 900725s1991 sp ||||0| spa j | ||
| 016 | 7 | _zIND9200340336 | |
| 020 | _a84-85708-01-6 | ||
| 040 |
_aM-BN _bspa _cA2 |
||
| 080 | _a860-14"19" | ||
| 100 | 1 |
_aGarcía Calvo, Agustín, _d1926-2012 _eaut _9233841 |
|
| 245 | 1 | 0 |
_aLibro de conjuros / _cAgustín García Calvo. |
| 250 | _a3ª ed. | ||
| 260 |
_aMadrid : _bLucina, _c1991. |
||
| 300 |
_a81 p. ; _c19 cm. |
||
| 852 |
_aES-MaACL _jL-21452 _bR.126748 |
||
| 942 | _2udc | ||
| 999 |
_c14157 _d14157 |
||